000 00656nam a2200205 i 4500
001 132708
003 ES-MaACL
005 20251011063136.0
007 t|
008 070214s1957 mx r ||||1| spa d
100 0 _aRos, Antonio,
_c(Médico)
_999566
245 1 3 _aLa cortisona en oftalmología /
_cAntonio Ros ; prólogo del Dr. Gregorio Marañón.
260 _aMéxico :
_bGalas,
_c1957.
300 _a191 p. ;
_c19 cm.
650 4 _aOjos-
_xEnfermedades.
_9139434
650 4 _aCorticosteroides-
_xUso terapéutico.
_9164599
700 1 _aMarañón, Gregorio,
_d1887-1960
_976311
852 4 _aES-MaACL
_jC-12451
999 _c132708
_d132708